Pearl millet science / (Record no. 4308)

MARC details
000 -LEADER
fixed length control field 00617nam a22002177a 4500
001 - CONTROL NUMBER
control field BD-DhSAU 4308
003 - CONTROL NUMBER IDENTIFIER
control field BD-DhSAU
005 - DATE AND TIME OF LATEST TRANSACTION
control field 20150216122359.0
008 - FIXED-LENGTH DATA ELEMENTS--GENERAL INFORMATION
fixed length control field 150216b1997 ii a|||| |||| 00| 0 eng d
020 ## - INTERNATIONAL STANDARD BOOK NUMBER
International Standard Book Number 8120411943
040 ## - CATALOGING SOURCE
Original cataloging agency BD-DhSAU
082 ## - DEWEY DECIMAL CLASSIFICATION NUMBER
Edition number 22
Classification number 633.171
Item number RAP
100 ## - MAIN ENTRY--PERSONAL NAME
Personal name Maiti, Ratikanta
245 ## - TITLE STATEMENT
Title Pearl millet science /
Statement of responsibility, etc. Ratikanta Maiti and Pedro Wesche Ebeling
260 ## - PUBLICATION, DISTRIBUTION, ETC. (IMPRINT)
Place of publication, distribution, etc. Delhi :
Name of publisher, distributor, etc. Oxford publishers ,
Date of publication, distribution, etc. c1997.
300 ## - PHYSICAL DESCRIPTION
Extent xiv, 232 p.:
Other physical details ill. ;
Dimensions 23 cm.
504 ## - BIBLIOGRAPHY, ETC. NOTE
Bibliography, etc Includes bibliography
590 ## - Name of Cataloguer
Name of Cataloger IMRAN
650 ## - SUBJECT ADDED ENTRY--TOPICAL TERM
Topical term or geographic name as entry element Pearl millet science
700 ## - ADDED ENTRY--PERSONAL NAME
Personal name Ebeling, Pedro Wesche
942 ## - ADDED ENTRY ELEMENTS (KOHA)
Source of classification or shelving scheme Dewey Decimal Classification
Koha item type Book
Holdings
Withdrawn status Lost status Source of classification or shelving scheme Damaged status Not for loan Home library Branch Name Shelving location Date acquired Total Checkouts Full call number Barcode Date last seen Date checked out Price effective from Koha item type Collection code
    Dewey Decimal Classification     SAU Library SAU Library General Stacks 29/06/2000 1 633.171 RAP 28748 23/11/2017 07/11/2017 16/02/2015 Book  
    Dewey Decimal Classification   Not For Loan SAU Library SAU Library Reference 29/06/2000   633.171 RAP 28747 24/05/2015   24/05/2015 Book Reference